[Event "Calvia Open Aficionados 2015"]
[Site "Calvia ESP"]
[Date "2015.10.16"]
[Round "7.1"]
[White "Sahelices Casado, Roberto"]
[Black "Ustianovich, Nazar"]
[Result "1/2-1/2"]
[WhiteElo "2039"]
[BlackElo "2268"]
[PlyCount "44"]
[EventDate "2015.10.10"]
[EventType "swiss"]
[EventRounds "9"]
[EventCountry "ESP"]
[Source "lmi"]
[SourceDate "2015.10.10"]

1. d4 Nf6 2. c4 c6 3. Nf3 d5 4. e3 e6 5. b3 Bd6 6. Bd3 O-O 7. O-O Nbd7 8. Bb2
Qe7 9. Nc3 e5 10. dxe5 Nxe5 11. cxd5 Nxf3+ 12. gxf3 Nxd5 13. Nxd5 cxd5 14. f4
Ba3 15. Qh5 f5 16. Bd4 Bc5 17. Be5 Bd6 18. Bd4 Bc5 19. Be5 Bd6 20. Bd4 Bc5 21.
Be5 Bd6 22. Bd4 Bc5 1/2-1/2

[Event "Calvia Open Aficionados 2015"]
[Site "Calvia ESP"]
[Date "2015.10.16"]
[Round "7.2"]
[White "Cip, Dalibor"]
[Black "Olhovik, Andrei"]
[Result "0-1"]
[WhiteElo "2146"]
[BlackElo "2285"]
[PlyCount "55"]
[EventDate "2015.10.10"]
[EventType "swiss"]
[EventRounds "9"]
[EventCountry "ESP"]
[Source "lmi"]
[SourceDate "2015.10.10"]

1. c4 e5 2. g3 Nf6 3. Bg2 d5 4. cxd5 Nxd5 5. Nc3 Nb6 6. Nf3 Nc6 7. d3 Be7 8.
Be3 O-O 9. O-O Re8 10. Qc1 Bf8 11. Nd2 Nd4 12. Nc4 c6 13. Qd1 Bg4 14. Nxb6 axb6
15. f3 Be6 16. Rf2 b5 17. b3 Ba3 18. Rb1 Bb4 19. Bd2 Qa5 20. Ne4 Bxd2 21. Nxd2
Qxa2 22. e3 Nf5 23. Ne4 Qa3 24. Qc2 Qe7 25. Nc5 Nd6 26. Qc3 f6 27. Ra1 Bf7 28.
b4 0-1

[Event "Calvia Open Aficionados 2015"]
[Site "Calvia ESP"]
[Date "2015.10.16"]
[Round "7.4"]
[White "Kultiyasov, Mikhail"]
[Black "Hajenius, Willem"]
[Result "1-0"]
[WhiteElo "2280"]
[BlackElo "1923"]
[PlyCount "69"]
[EventDate "2015.10.10"]
[EventType "swiss"]
[EventRounds "9"]
[EventCountry "ESP"]
[Source "lmi"]
[SourceDate "2015.10.10"]

1. e4 c5 2. Nf3 Nf6 3. e5 Nd5 4. Nc3 e6 5. Ne4 f5 6. Nc3 Nxc3 7. dxc3 Nc6 8.
Bf4 b6 9. Qd2 Bb7 10. O-O-O Qc7 11. Bc4 a6 12. Rhe1 Be7 13. Bg5 b5 14. Bf1
O-O-O 15. Bxe7 Nxe7 16. Ng5 Rdf8 17. f4 h6 18. Nh3 Rd8 19. c4 b4 20. Qe3 Qa5
21. Kb1 Rhg8 22. Rd2 g6 23. Nf2 g5 24. fxg5 hxg5 25. Nd3 d6 26. exd6 Rxd6 27.
Nxc5 f4 28. Qe5 Rxd2 29. Qxe6+ Kb8 30. Qxe7 Bc8 31. Nb3 Rgd8 32. Bd3 R2xd3 33.
cxd3 Qb6 34. Qxg5 Qd6 35. d4 1-0

[Event "Calvia Open Aficionados 2015"]
[Site "Calvia ESP"]
[Date "2015.10.16"]
[Round "7.8"]
[White "Obers, Frits"]
[Black "Tscharotschkin, Michael"]
[Result "1/2-1/2"]
[WhiteElo "2080"]
[BlackElo "2181"]
[PlyCount "29"]
[EventDate "2015.10.10"]
[EventType "swiss"]
[EventRounds "9"]
[EventCountry "ESP"]
[Source "lmi"]
[SourceDate "2015.10.10"]

1. c4 e5 2. g3 Nf6 3. Bg2 Nc6 4. Nc3 Bc5 5. Nf3 d6 6. d3 h6 7. O-O a6 8. a3 Ba7
9. b4 Nd4 10. e3 Nxf3+ 11. Bxf3 c6 12. d4 Bh3 13. Re1 O-O 14. dxe5 dxe5 15. Bb2
1/2-1/2

[Event "Calvia Open Aficionados 2015"]
[Site "Calvia ESP"]
[Date "2015.10.16"]
[Round "7.9"]
[White "Planas Gene, Juan"]
[Black "Smirnov, Aleksander"]
[Result "0-1"]
[WhiteElo "2012"]
[BlackElo "2145"]
[PlyCount "97"]
[EventDate "2015.10.10"]
[EventType "swiss"]
[EventRounds "9"]
[EventCountry "ESP"]
[Source "lmi"]
[SourceDate "2015.10.10"]

1. d4 d5 2. c4 dxc4 3. Nf3 Nf6 4. e3 a6 5. Bxc4 b5 6. Bd3 Bb7 7. O-O e6 8. Qe2
Nbd7 9. Rd1 c5 10. a4 c4 11. Bc2 Nd5 12. axb5 axb5 13. Rxa8 Qxa8 14. Nc3 Nxc3
15. bxc3 Nf6 16. Ne1 Bd6 17. f3 Nd5 18. Bb2 Qa2 19. Ba1 Qa3 20. Be4 f5 21. Bxd5
exd5 22. Rb1 Bc6 23. Nc2 Qa2 24. Rb2 Qa5 25. Qe1 O-O 26. Nb4 Bb7 27. Ra2 Qc7
28. f4 Re8 29. Qf2 Qe7 30. Nc2 Qe4 31. Qf3 Qd3 32. Qf1 g5 33. g3 gxf4 34. gxf4
Re7 35. Kf2 Qd2+ 36. Qe2 Qxe2+ 37. Kxe2 Bxf4 38. Kf3 Bxh2 39. Na3 Bb8 40. Nxb5
Bc6 41. Na3 Ra7 42. Rg2+ Kf7 43. Nc2 Bd6 44. Bb2 Ke6 45. Nb4 Be8 46. Rd2 h5 47.
Rg2 h4 48. Rg8 Bh5+ 49. Kg2 0-1

[Event "Calvia Open Aficionados 2015"]
[Site "Calvia ESP"]
[Date "2015.10.16"]
[Round "7.10"]
[White "Maloberti, David"]
[Black "Lacrosse, Marc"]
[Result "1/2-1/2"]
[WhiteElo "1975"]
[BlackElo "2141"]
[PlyCount "55"]
[EventDate "2015.10.10"]
[EventType "swiss"]
[EventRounds "9"]
[EventCountry "ESP"]
[Source "lmi"]
[SourceDate "2015.10.10"]

1. d4 d5 2. c4 e6 3. Nc3 Nf6 4. Bg5 Nbd7 5. e3 c6 6. Nf3 Qa5 7. cxd5 Nxd5 8.
Qd2 N7b6 9. Nxd5 Qxd2+ 10. Kxd2 exd5 11. a3 a5 12. Bf4 Bf5 13. Bc7 Nc8 14. Bd3
Bxd3 15. Kxd3 Kd7 16. Bf4 f6 17. Rhe1 Bd6 18. Bxd6 Nxd6 19. Nd2 Rhe8 20. f3 f5
21. b3 a4 22. b4 Re6 23. Re2 Rae8 24. Rae1 Nb5 25. Nb1 Kd6 26. Rc2 Kd7 27. Rce2
Kd6 28. Rc2 1/2-1/2

[Event "Calvia Open Aficionados 2015"]
[Site "Calvia ESP"]
[Date "2015.10.16"]
[Round "7.11"]
[White "Blanco Gutierrez, Pedro"]
[Black "Cemborain Oricain, Alfonso"]
[Result "1-0"]
[WhiteElo "2099"]
[BlackElo "1911"]
[PlyCount "73"]
[EventDate "2015.10.10"]
[EventType "swiss"]
[EventRounds "9"]
[EventCountry "ESP"]
[Source "lmi"]
[SourceDate "2015.10.10"]

1. c4 c6 2. g3 Nf6 3. Bg2 d5 4. Nf3 g6 5. O-O Bg7 6. d4 O-O 7. cxd5 cxd5 8. Ne5
Nc6 9. Nxc6 bxc6 10. Nc3 Re8 11. Bf4 Nh5 12. Be3 Bd7 13. Rc1 e5 14. dxe5 Bxe5
15. Bd4 Bxd4 16. Qxd4 Qb6 17. Qd2 Rab8 18. b3 Red8 19. Na4 Qb4 20. Qxb4 Rxb4
21. Nc5 Rd4 22. Nxd7 Rxd7 23. Bf3 Rd2 24. Rxc6 Rxa2 25. Rd1 Ra5 26. Rd4 f5 27.
Bxh5 gxh5 28. b4 Rb5 29. Rc5 a6 30. Rc6 a5 31. bxa5 Rxa5 32. Rh6 Kg7 33. Rxh5
Rf7 34. Rf4 Kg6 35. Rfh4 Ra2 36. Rh6+ Kg7 37. Rxh7+ 1-0

[Event "Calvia Open Aficionados 2015"]
[Site "Calvia ESP"]
[Date "2015.10.16"]
[Round "7.12"]
[White "Mitenieks, Matiss"]
[Black "Hoenick, Andreas"]
[Result "1-0"]
[WhiteElo "1844"]
[BlackElo "2097"]
[PlyCount "23"]
[EventDate "2015.10.10"]
[EventType "swiss"]
[EventRounds "9"]
[EventCountry "ESP"]
[Source "lmi"]
[SourceDate "2015.10.10"]

1. d4 Nf6 2. e3 e6 3. Bd3 c5 4. Nd2 d5 5. c3 Nc6 6. f4 Be7 7. Ngf3 O-O 8. Ne5
Qc7 9. O-O b6 10. Rf3 Bb7 11. Rh3 Rac8 12. Bxh7+ 1-0

[Event "Calvia Open Aficionados 2015"]
[Site "Calvia ESP"]
[Date "2015.10.16"]
[Round "7.13"]
[White "Galiana Moll, Ramon Aron"]
[Black "Gavrish, Leonid"]
[Result "0-1"]
[WhiteElo "1961"]
[BlackElo "2151"]
[PlyCount "70"]
[EventDate "2015.10.10"]
[EventType "swiss"]
[EventRounds "9"]
[EventCountry "ESP"]
[Source "lmi"]
[SourceDate "2015.10.10"]

1. e4 d6 2. d4 Nf6 3. Nc3 g6 4. Nf3 Bg7 5. h3 O-O 6. Be3 a6 7. a4 b6 8. e5 Nfd7
9. e6 fxe6 10. Bc4 Nf6 11. d5 e5 12. Ng5 h6 13. Nge4 Nxe4 14. Nxe4 Nd7 15. h4
Nf6 16. Bd3 Nxe4 17. Bxe4 Bf5 18. Qd3 Qd7 19. g4 Bxg4 20. Bxg6 e4 21. Bxe4 Bxb2
22. c3 Bxa1 23. Bh7+ Kh8 24. Bd4+ Rf6 25. Qg6 e5 26. dxe6 Qxe6+ 27. Kf1 Qc4+
28. Qd3 Qxd3+ 29. Bxd3 Raf8 30. Rg1 h5 31. Kg2 Bb2 32. Rb1 Ba3 33. c4 Bc5 34.
Bc3 Kg8 35. Be4 Bf3+ 0-1

[Event "Calvia Open Aficionados 2015"]
[Site "Calvia ESP"]
[Date "2015.10.16"]
[Round "7.14"]
[White "Ponce Cano, Adrian"]
[Black "Delaere, Koen"]
[Result "1/2-1/2"]
[WhiteElo "2135"]
[BlackElo "1959"]
[PlyCount "72"]
[EventDate "2015.10.10"]
[EventType "swiss"]
[EventRounds "9"]
[EventCountry "ESP"]
[Source "lmi"]
[SourceDate "2015.10.10"]

1. e4 c5 2. Nf3 g6 3. c3 Bg7 4. d4 cxd4 5. cxd4 d5 6. exd5 Qxd5 7. Nc3 Qd8 8.
Bf4 Nf6 9. Bc4 O-O 10. O-O Bg4 11. Be5 Nc6 12. h3 Nxe5 13. dxe5 Qxd1 14. Nxd1
Bxf3 15. exf6 Bxd1 16. fxg7 Rfc8 17. Bd5 Be2 18. Bxb7 Bxf1 19. Kxf1 Rab8 20.
Bxc8 Rxc8 21. Rd1 Rc7 22. Ke2 h5 23. b4 Kxg7 24. b5 Rc2+ 25. Rd2 Rc5 26. a4 Rc4
27. a5 Rb4 28. Rd7 Rxb5 29. Rxa7 Rb2+ 30. Ke3 Ra2 31. a6 Kf6 32. Ra8 Ke6 33. a7
Ra4 34. Kd3 Ra2 35. Kc3 Ra4 36. Kd3 Kf6 1/2-1/2

[Event "Calvia Open Aficionados 2015"]
[Site "Calvia ESP"]
[Date "2015.10.16"]
[Round "7.17"]
[White "Neagos, Raul-Alexandru"]
[Black "Nettleton, Charlie B"]
[Result "0-1"]
[WhiteElo "2048"]
[BlackElo "1892"]
[PlyCount "28"]
[EventDate "2015.10.10"]
[EventType "swiss"]
[EventRounds "9"]
[EventCountry "ESP"]
[Source "lmi"]
[SourceDate "2015.10.10"]

1. Nf3 f5 2. d4 Nf6 3. c4 e6 4. Nc3 Bb4 5. Bg5 Bxc3+ 6. bxc3 d6 7. e3 O-O 8.
Bd3 Qe8 9. O-O e5 10. Nd2 Kh8 11. Rb1 Nc6 12. c5 dxc5 13. Bb5 Bd7 14. Nc4 Ne4
0-1

[Event "Calvia Open Aficionados 2015"]
[Site "Calvia ESP"]
[Date "2015.10.16"]
[Round "7.20"]
[White "Post, Maarten"]
[Black "Dijon, Frederic"]
[Result "0-1"]
[WhiteElo "1876"]
[BlackElo "1965"]
[PlyCount "80"]
[EventDate "2015.10.10"]
[EventType "swiss"]
[EventRounds "9"]
[EventCountry "ESP"]
[Source "lmi"]
[SourceDate "2015.10.10"]

1. e4 c5 2. Nf3 Nc6 3. d4 cxd4 4. Nxd4 Nf6 5. Nc3 e5 6. Ndb5 d6 7. Bg5 a6 8.
Bxf6 gxf6 9. Na3 b5 10. Nd5 Bg7 11. c3 f5 12. Qd3 fxe4 13. Qxe4 O-O 14. Nb4 Bb7
15. Nxc6 Qc7 16. Nc2 Bxc6 17. Qf5 d5 18. Bd3 e4 19. Be2 a5 20. O-O b4 21. Nd4
bxc3 22. bxc3 Rab8 23. Rab1 a4 24. Qg4 Kh8 25. Nb5 Bxb5 26. Rxb5 f5 27. Qg5
Rxb5 28. Bxb5 a3 29. Rc1 Qa5 30. c4 d4 31. Rd1 Qb4 32. Qc1 d3 33. Qb1 Qc5 34.
Qb3 Bd4 35. Rf1 f4 36. Ba4 f3 37. Qb5 fxg2 38. Rd1 Qe7 39. Qd5 Qf6 40. Rd2
Bxf2+ 0-1

[Event "Calvia Open Aficionados 2015"]
[Site "Calvia ESP"]
[Date "2015.10.16"]
[Round "7.23"]
[White "Jouanneaud, Jean Daniel"]
[Black "Tufta, Jon Gunnar"]
[Result "1-0"]
[WhiteElo "1942"]
[BlackElo "1797"]
[PlyCount "76"]
[EventDate "2015.10.10"]
[EventType "swiss"]
[EventRounds "9"]
[EventCountry "ESP"]
[Source "lmi"]
[SourceDate "2015.10.10"]

1. e4 c5 2. Nc3 Nc6 3. f4 e6 4. Nf3 d5 5. Bb5 Nge7 6. exd5 exd5 7. Qe2 Qd6 8.
Ne5 Bd7 9. O-O Nd4 10. Bxd7+ Qxd7 11. Qd3 Qd6 12. Nb5 Qb6 13. Nxd4 cxd4 14. b3
f6 15. Nf3 Nc6 16. a3 Bd6 17. Nh4 O-O-O 18. Nf5 Rhe8 19. Bb2 Re4 20. Rae1 g6
21. Nxd6+ Rxd6 22. Qh3+ Rd7 23. d3 Re3 24. Bxd4 Rxe1 25. Bxb6 Rxf1+ 26. Kxf1
axb6 27. Qe6 f5 28. c3 Kc7 29. b4 Rd6 30. Qg8 Rd7 31. Kf2 Kd6 32. h4 Nd8 33.
Qf8+ Kc7 34. a4 h5 35. Qg8 Rd6 36. Qg7+ Kc8 37. b5 Re6 38. Kf3 Kb8 1-0

[Event "Calvia Open Aficionados 2015"]
[Site "Calvia ESP"]
[Date "2015.10.16"]
[Round "7.25"]
[White "Beltran Ortiz, Edda Georgina"]
[Black "Burg, Henk"]
[Result "1/2-1/2"]
[WhiteElo "1927"]
[BlackElo "1795"]
[PlyCount "63"]
[EventDate "2015.10.10"]
[EventType "swiss"]
[EventRounds "9"]
[EventCountry "ESP"]
[Source "lmi"]
[SourceDate "2015.10.10"]

1. e4 c5 2. Nf3 e6 3. d4 cxd4 4. Nxd4 Nc6 5. Nxc6 bxc6 6. Bd3 d5 7. Nc3 Nf6 8.
O-O Be7 9. e5 Nd7 10. Re1 Qc7 11. Qg4 Bf8 12. f4 g6 13. Bd2 Qb6+ 14. Kh1 Ba6
15. Bxa6 Qxa6 16. Rad1 Rb8 17. b3 Bb4 18. Qf3 Bxc3 19. Bxc3 Nc5 20. a4 Ne4 21.
Bb2 O-O 22. Ba3 Rfd8 23. g4 Qb6 24. Kg2 Rb7 25. f5 gxf5 26. gxf5 Kh8 27. Re2
Rg8+ 28. Kh1 Ng5 29. Qf1 Ne4 30. Qf3 Ng5 31. Qf1 Ne4 32. Qf3 1/2-1/2

[Event "Calvia Open Aficionados 2015"]
[Site "Calvia ESP"]
[Date "2015.10.16"]
[Round "7.26"]
[White "Breed, Greg J"]
[Black "Andreu Lopez, Santiago"]
[Result "1-0"]
[WhiteElo "1755"]
[BlackElo "1903"]
[PlyCount "53"]
[EventDate "2015.10.10"]
[EventType "swiss"]
[EventRounds "9"]
[EventCountry "ESP"]
[Source "lmi"]
[SourceDate "2015.10.10"]

1. d4 Nf6 2. Nf3 g6 3. Bf4 Bg7 4. e3 O-O 5. Bd3 d6 6. h3 c5 7. c3 Nc6 8. O-O a6
9. a4 Bd7 10. Qe2 Re8 11. Bg5 cxd4 12. cxd4 Nb4 13. Bc4 Rc8 14. Nc3 Qa5 15.
Rfc1 Rc7 16. Bb3 Bf5 17. e4 Bd7 18. Bd2 Qh5 19. e5 Rxc3 20. bxc3 dxe5 21. cxb4
e4 22. Bxf7+ Kf8 23. Bxe8 Bxh3 24. Bxg6 hxg6 25. gxh3 exf3 26. Qe6 g5 27. Rc7
1-0

[Event "Calvia Open Aficionados 2015"]
[Site "Calvia ESP"]
[Date "2015.10.16"]
[Round "7.27"]
[White "Cerdo Fernandez, Miguel"]
[Black "Vervaet, Bart"]
[Result "0-1"]
[WhiteElo "1892"]
[BlackElo "1754"]
[PlyCount "56"]
[EventDate "2015.10.10"]
[EventType "swiss"]
[EventRounds "9"]
[EventCountry "ESP"]
[Source "lmi"]
[SourceDate "2015.10.10"]

1. e4 e5 2. Nf3 Nc6 3. Bb5 Nf6 4. O-O Nxe4 5. d4 Nd6 6. Bxc6 dxc6 7. dxe5 Nf5
8. Qe2 Nd4 9. Nxd4 Qxd4 10. Nc3 Bg4 11. Qe4 Bc5 12. h3 Bh5 13. Qf5 Bg6 14. Qg5
Be7 15. Qg3 O-O 16. Be3 Qb4 17. Ne2 Bxc2 18. f4 Bd3 19. f5 Qh4 20. Qf3 Rfe8 21.
Nf4 Bxf1 22. g3 Qh6 23. Nh5 Bg5 24. Bxg5 Qxg5 25. h4 Be2 26. Qxe2 Qxf5 27. Rf1
Rxe5 28. Qd1 Qxh5 0-1

[Event "Calvia Open Aficionados 2015"]
[Site "Calvia ESP"]
[Date "2015.10.16"]
[Round "7.31"]
[White "Driessen Llado, Pedro"]
[Black "Spence, David J"]
[Result "1-0"]
[WhiteElo "1644"]
[BlackElo "2224"]
[PlyCount "53"]
[EventDate "2015.10.10"]
[EventType "swiss"]
[EventRounds "9"]
[EventCountry "ESP"]
[Source "lmi"]
[SourceDate "2015.10.10"]

1. d4 Nf6 2. c4 c5 3. d5 b5 4. cxb5 a6 5. bxa6 d6 6. e3 g6 7. Nc3 Bg7 8. Nf3
O-O 9. Be2 Bxa6 10. O-O Bxe2 11. Qxe2 Nbd7 12. h3 Ne8 13. Rb1 Nc7 14. e4 Ra7
15. Bf4 f6 16. Rfc1 Qa8 17. b4 cxb4 18. Rxb4 Na6 19. Rbb1 Nac5 20. Be3 Rc8 21.
Bd4 Ra3 22. Rc2 Kf7 23. Rbc1 Bh6 24. Be3 Bxe3 25. fxe3 Rb8 26. Nd2 Ne5 27. Nc4
1-0

[Event "Calvia Open Aficionados 2015"]
[Site "Calvia ESP"]
[Date "2015.10.16"]
[Round "7.32"]
[White "Hill, Luke"]
[Black "Mackay, Ian W"]
[Result "1-0"]
[WhiteElo "1921"]
[BlackElo "1713"]
[PlyCount "53"]
[EventDate "2015.10.10"]
[EventType "swiss"]
[EventRounds "9"]
[EventCountry "ESP"]
[Source "lmi"]
[SourceDate "2015.10.10"]

1. e4 c6 2. d4 d5 3. exd5 cxd5 4. Bf4 Nf6 5. Nf3 Bg4 6. c3 Nc6 7. Nbd2 e6 8.
Bd3 Bh5 9. O-O Bd6 10. Bxd6 Qxd6 11. Qe1 Bg6 12. Bxg6 hxg6 13. Ne5 Nd7 14. f4
Nf6 15. a4 Rc8 16. Rf3 Ne7 17. g4 Qb6 18. Ra2 Qc7 19. Qe3 Nd7 20. Rh3 Rxh3 21.
Qxh3 Ng8 22. Ndf3 Nxe5 23. Nxe5 Qb6 24. Qh8 Ke7 25. Qxg7 Kd6 26. Nxf7+ Kc6 27.
Ne5+ 1-0

[Event "Calvia Open Aficionados 2015"]
[Site "Calvia ESP"]
[Date "2015.10.16"]
[Round "7.35"]
[White "Grindbakken, Erik"]
[Black "Orsario, Wolfgang"]
[Result "1/2-1/2"]
[WhiteElo "1455"]
[BlackElo "1798"]
[PlyCount "76"]
[EventDate "2015.10.10"]
[EventType "swiss"]
[EventRounds "9"]
[EventCountry "ESP"]
[Source "lmi"]
[SourceDate "2015.10.10"]

1. c4 Nf6 2. d4 e5 3. dxe5 Ne4 4. Qd4 Nc5 5. Nc3 Nc6 6. Qd5 Nb4 7. Qd1 d6 8.
Bf4 Bf5 9. Rc1 Qd7 10. a3 Nc6 11. Nf3 O-O-O 12. exd6 Bxd6 13. Bxd6 Qe6 14. Bxc5
Rxd1+ 15. Nxd1 Bg4 16. h4 f6 17. Ne3 Bh5 18. g3 Kb8 19. Bh3 Qf7 20. Nd4 Nxd4
21. Bxd4 Re8 22. Rc2 Qe7 23. O-O c5 24. Nd5 Qd6 25. Be3 Rxe3 26. Nxe3 Bg6 27.
Rd1 Qb6 28. Rcd2 a6 29. Rd8+ Ka7 30. Bc8 Be4 31. f3 Bc6 32. R1d2 Qc7 33. Kf2 g6
34. b4 f5 35. Nc2 f4 36. g4 Qe5 37. Bd7 Qe7 38. Bxc6 Qxh4+ 1/2-1/2

[Event "Calvia Open Aficionados 2015"]
[Site "Calvia ESP"]
[Date "2015.10.16"]
[Round "7.36"]
[White "Ballester Cladera, Antonio"]
[Black "Gonzalez Muelas, Marco Antonio"]
[Result "1-0"]
[WhiteElo "1786"]
[BlackElo "1704"]
[PlyCount "59"]
[EventDate "2015.10.10"]
[EventType "swiss"]
[EventRounds "9"]
[EventCountry "ESP"]
[Source "lmi"]
[SourceDate "2015.10.10"]

1. e4 c5 2. Nf3 d6 3. d4 cxd4 4. Nxd4 Nf6 5. Nc3 a6 6. f3 e6 7. Be3 Be7 8. Qd2
b5 9. g4 Bb7 10. O-O-O Nc6 11. Nxc6 Bxc6 12. h4 b4 13. Ne2 Qa5 14. Kb1 Rc8 15.
Nd4 d5 16. Nxc6 Rxc6 17. g5 Nd7 18. exd5 exd5 19. Qxd5 Qc7 20. Bf4 Qc8 21. Bh3
Nb6 22. Qe4 Qa8 23. Rhe1 O-O 24. Qxe7 Rc4 25. Re4 Nd5 26. Qe5 Nc3+ 27. bxc3
bxc3 28. Ka1 Rc6 29. Rb1 Rd8 30. Rb8 1-0

[Event "Calvia Open Aficionados 2015"]
[Site "Calvia ESP"]
[Date "2015.10.16"]
[Round "7.39"]
[White "Ferrer Mygina, Juan"]
[Black "Andersen, Claus Nis"]
[Result "1/2-1/2"]
[WhiteElo "1576"]
[BlackElo "1778"]
[PlyCount "96"]
[EventDate "2015.10.10"]
[EventType "swiss"]
[EventRounds "9"]
[EventCountry "ESP"]
[Source "lmi"]
[SourceDate "2015.10.10"]

1. d4 Nf6 2. c4 g6 3. Nc3 d5 4. cxd5 Nxd5 5. e4 Nxc3 6. bxc3 Bg7 7. Qa4+ Nd7 8.
Nf3 O-O 9. Bg5 c5 10. Rc1 cxd4 11. cxd4 Nf6 12. Bd3 Bg4 13. Ne5 Bc8 14. O-O Nd7
15. Nxd7 Bxd7 16. Qb4 Re8 17. d5 h6 18. Bh4 g5 19. Bg3 e5 20. dxe6 Bxe6 21.
Rfd1 Rc8 22. Bf1 Rxc1 23. Rxd8 Rxd8 24. Bd6 Bc4 25. h3 Rxf1+ 26. Kh2 b5 27. e5
Re8 28. a4 a6 29. axb5 axb5 30. Qc5 Re1 31. Qc6 Re6 32. Qc8+ Kh7 33. Kg3 Bxe5+
34. Bxe5 R6xe5 35. Qf8 R1e2 36. f3 Ra2 37. Kg4 Ree2 38. Kh5 Rxg2 39. Qxh6+ Kg8
40. Qf6 Rad2 41. Kh6 Kf8 42. Qh8+ Ke7 43. Qe5+ Be6 44. Qxb5 Rb2 45. Qe5 Rbc2
46. Kg7 Rcd2 47. Qc7+ Rd7 48. Qc5+ Rd6 1/2-1/2

[Event "Calvia Open Aficionados 2015"]
[Site "Calvia ESP"]
[Date "2015.10.16"]
[Round "7.40"]
[White "Bullock, Lee"]
[Black "Busom Ferrer, Manuel"]
[Result "1-0"]
[WhiteElo "1539"]
[BlackElo "1746"]
[PlyCount "31"]
[EventDate "2015.10.10"]
[EventType "swiss"]
[EventRounds "9"]
[EventCountry "ESP"]
[Source "lmi"]
[SourceDate "2015.10.10"]

1. e4 e5 2. d4 exd4 3. c3 dxc3 4. Bc4 Bb4 5. Bxf7+ Kxf7 6. Qb3+ d5 7. Qxb4 Nf6
8. Nxc3 d4 9. Nce2 Nc6 10. Qb3+ Be6 11. Qxb7 Qd7 12. Nf3 Rab8 13. Qxc6 Qxc6 14.
Ne5+ Ke8 15. Nxc6 Rb5 16. Nexd4 1-0

[Event "Calvia Open Aficionados 2015"]
[Site "Calvia ESP"]
[Date "2015.10.16"]
[Round "7.41"]
[White "Febrero Perez, Lluis"]
[Black "Romero Gamez, Francisco Javier"]
[Result "1-0"]
[WhiteElo "1525"]
[BlackElo "1708"]
[PlyCount "51"]
[EventDate "2015.10.10"]
[EventType "swiss"]
[EventRounds "9"]
[EventCountry "ESP"]
[Source "lmi"]
[SourceDate "2015.10.10"]

1. e4 c5 2. Nf3 d6 3. Bb5+ Bd7 4. Qe2 a6 5. Bxd7+ Nxd7 6. Nc3 Ngf6 7. d3 e6 8.
Bf4 Be7 9. O-O O-O 10. Rad1 b5 11. a4 Nb6 12. Nd2 d5 13. Qf3 d4 14. Ne2 h6 15.
Ng3 Re8 16. Nh5 Nxh5 17. Qxh5 Bf8 18. Bg3 e5 19. f4 exf4 20. Rxf4 Qd7 21. Rdf1
Ra7 22. Rg4 Kh8 23. Nf3 Nxa4 24. Ne5 Qe6 25. Rxf7 Raa8 26. Rg6 1-0

[Event "Calvia Open Aficionados 2015"]
[Site "Calvia ESP"]
[Date "2015.10.16"]
[Round "7.42"]
[White "Rato, Eduardo"]
[Black "Estevez Sacristan, Deva"]
[Result "1-0"]
[WhiteElo "1703"]
[BlackElo "1536"]
[PlyCount "61"]
[EventDate "2015.10.10"]
[EventType "swiss"]
[EventRounds "9"]
[EventCountry "ESP"]
[Source "lmi"]
[SourceDate "2015.10.10"]

1. Nf3 e6 2. c4 Nf6 3. d4 d5 4. Bg5 Be7 5. Nc3 O-O 6. h3 Nbd7 7. e3 b6 8. Bd3
dxc4 9. Bxc4 Bb7 10. O-O Rc8 11. Qe2 c5 12. Rfd1 cxd4 13. Nxd4 Qc7 14. Ba6 Bxa6
15. Qxa6 Nc5 16. Qe2 h6 17. Bh4 Rfd8 18. Rac1 Qb7 19. f3 e5 20. Nf5 Rxd1+ 21.
Rxd1 Rc6 22. Qb5 a6 23. Nxe7+ Qxe7 24. Qxc6 b5 25. Nd5 Qf8 26. Bxf6 gxf6 27.
Qxf6 Nd7 28. Ne7+ Kh7 29. Rxd7 a5 30. Ng6 Qg7 31. Rxf7 1-0

[Event "Calvia Open Aficionados 2015"]
[Site "Calvia ESP"]
[Date "2015.10.16"]
[Round "7.43"]
[White "Cassidy, Sydney"]
[Black "Aguado Doncel, Pablo Luis"]
[Result "1-0"]
[WhiteElo "1665"]
[BlackElo "1262"]
[PlyCount "97"]
[EventDate "2015.10.10"]
[EventType "swiss"]
[EventRounds "9"]
[EventCountry "ESP"]
[Source "lmi"]
[SourceDate "2015.10.10"]

1. d4 d5 2. Nf3 Nf6 3. g3 Bg4 4. Nbd2 e6 5. Bg2 c5 6. c3 Nc6 7. O-O cxd4 8.
cxd4 Bd6 9. b3 O-O 10. Re1 Re8 11. Bb2 Qc7 12. a3 Rad8 13. b4 Qb8 14. Nb3 b6
15. Nc1 Bxf3 16. Bxf3 e5 17. dxe5 Bxe5 18. Bxe5 Qxe5 19. Nd3 Qd6 20. Bg2 Ne5
21. Nxe5 Qxe5 22. Qd3 Qb8 23. Qd4 Qe5 24. Rad1 Qd6 25. Rd3 h6 26. e3 Re7 27.
Red1 Ne4 28. Qxd5 Qxd5 29. Rxd5 Rxd5 30. Rxd5 Nc3 31. Rd3 Rc7 32. Bf3 Nb5 33.
Be2 Nc3 34. Bf3 Nb5 35. Be4 g6 36. Kg2 Rc3 37. Rxc3 Nxc3 38. Bd3 Nd5 39. e4 Ne7
40. f4 f6 41. Kf3 Kf8 42. Ke3 Nc6 43. b5 Na5 44. Kd4 Ke7 45. Kd5 Nb3 46. Kc6
Nc5 47. Bc2 Ne6 48. Kb7 Nd4 49. Bd3 1-0

[Event "Calvia Open Aficionados 2015"]
[Site "Calvia ESP"]
[Date "2015.10.16"]
[Round "7.45"]
[White "Hardwick, A William"]
[Black "Steinschuld, Jo"]
[Result "1/2-1/2"]
[WhiteElo "1517"]
[BlackElo "1591"]
[PlyCount "78"]
[EventDate "2015.10.10"]
[EventType "swiss"]
[EventRounds "9"]
[EventCountry "ESP"]
[Source "lmi"]
[SourceDate "2015.10.10"]

1. e4 e5 2. Nf3 Nc6 3. d4 exd4 4. Nxd4 Bc5 5. Be3 Qf6 6. c3 Qg6 7. Nd2 Nxd4 8.
cxd4 Bb4 9. Qf3 Ne7 10. a3 Ba5 11. b4 Bb6 12. Nc4 O-O 13. Bd3 d5 14. Ne5 Qd6
15. O-O dxe4 16. Bxe4 c6 17. Nc4 Qe6 18. Nxb6 axb6 19. Rfe1 Qg4 20. Qxg4 Bxg4
21. b5 Be6 22. Bg5 f6 23. Bxh7+ Kxh7 24. Rxe6 Nd5 25. Bd2 Nc7 26. Re7 Nxb5 27.
Rxb7 Nxd4 28. Rxb6 Rfc8 29. g3 Nf3+ 30. Kg2 Nxd2 31. Rd1 Nc4 32. Rb7 Nxa3 33.
Rdd7 Rg8 34. Rd6 Rac8 35. Rxf6 c5 36. h4 Rgf8 37. Ra6 Nc4 38. h5 Kg8 39. h6
gxh6 1/2-1/2

[Event "Calvia Open Aficionados 2015"]
[Site "Calvia ESP"]
[Date "2015.10.16"]
[Round "7.47"]
[White "Del Canto Riudavets, Jose Manu"]
[Black "Trave De Gonzalo, Guiem"]
[Result "1/2-1/2"]
[WhiteElo "1140"]
[BlackElo "1534"]
[PlyCount "77"]
[EventDate "2015.10.10"]
[EventType "swiss"]
[EventRounds "9"]
[EventCountry "ESP"]
[Source "lmi"]
[SourceDate "2015.10.10"]

1. e4 e5 2. Nf3 Nc6 3. c3 d5 4. d3 dxe4 5. dxe4 Qxd1+ 6. Kxd1 Bc5 7. Be3 Bxe3
8. fxe3 Nf6 9. Nbd2 Bg4 10. Be2 O-O-O 11. Ke1 Rd7 12. Rd1 Bxf3 13. Bxf3 Rhd8
14. Ke2 g5 15. g4 Rh8 16. b3 Ne7 17. Nc4 Rxd1 18. Kxd1 Rd8+ 19. Ke2 Ng6 20. Rd1
Rxd1 21. Kxd1 Kd7 22. h3 Ke6 23. Be2 Nxe4 24. Kc2 Nf2 25. Bf1 f5 26. gxf5+ Kxf5
27. Bg2 c6 28. Nd6+ Ke6 29. Nxb7 e4 30. Kd2 Nh4 31. Bf1 h5 32. b4 g4 33. hxg4
hxg4 34. Na5 Kd5 35. c4+ Kd6 36. Nb7+ Kc7 37. Na5 g3 38. Ke2 Nf5 39. Bg2
1/2-1/2